000 00536nam a22001697a 4500
003 OSt
005 20260303102926.0
008 260303b |||||||| |||| 00| 0 eng d
040 _cMRSPTU
041 _aEnglish
100 _aMandeep Singh Sidhu, Supervisor: Dr. Bal Karishan
245 _aStrengthening PCC Using Waste Material from Lathe Machine
260 _bDepartment of Civil Engg. MRSPTU, Bathinda
_c2015
650 _aCivil Engineering
856 _uhttp://163.47.215.52:8080/jspui/handle/123456789/1139
942 _2ddc
_cTH
_n0
999 _c11038
_d11038